000 00632pam a2200217 a 4500
001 534669
005 20241215114559.0
008 871214s1988 paua b 001 0 eng c
020 _a0721624138
050 0 0 _aQM601
_b.M76 1988
082 0 0 _a612/.64
_219
100 1 _aMoore, Keith L.
245 1 4 _aThe developing human :
_bclinically oriented embryology /
_cKeith L. Moore.
250 _a4th ed.
260 _aPhiladelphia :
_bSaunders,
_c1988.
300 _axii, 462 p. :
_bill. (some col.) ;
_c26 cm.
650 0 _aEmbryology, Human.
650 0 _aAbnormalities, Human.
650 2 _aEmbryology.
942 _2lcc
_cBK
_e4th ed.
_n0
999 _c2254
_d2254